000 00552ntaaa2200181 4500
003 01
005 20251027203115.0
008 0714s1973 ag 01
040 _aAR-BaBN
_bspa
_cAR-BaBN
_eaacr
_dRIC
082 _a248.3000 F66o
100 _aFlores, Wilber
_932542
245 _aLa oracion intercesora: un arma poderosa a favor de pastores y lideres espirituales
250 _a1 ed. :
_bSITB,
_c2001
300 _a53 p ;
_c28 cm
500 _aBibliografia: p.49-53. Contiene Notas y referencias bibliograficas
650 _aOracion
_91331
942 _cBK
999 _c26485
_d26485